000 00931nmm a2200265 a 4500
001 ocm000597579
003 TR-IsHL
005 20201028132159.0
008 131030s2009 tu tur
007 cr cn
020 _a9786055642068
035 _a597579
_b(N$T)
050 0 4 _aDR603
_b.A53 2009
090 0 4 _aDR603
_b.A53 2009
100 1 _aAnadol, Cemal
245 1 0 _aTeşkilat-ı Mahsusa'dan Mit'e susurluk dosyası
_h[electronic resource] /
_cCemal Anadol
260 _aİstanbul :
_bBilge Karınca,
_c2009
300 _a192 p.
650 4 _aPolitika ve Uluslararası İlişkiler
650 4 _aPolitics and International Relations
650 0 _aTürkiye
_x Siyaset ve Yönetim, 1980-
650 0 _aTurkey
_x Politics and government, 1980 -
650 7 _aPOLITICAL SCIENCE / World / Middle Eastern
_2bisacsh
856 4 0 _uhttp://search.ebscohost.com/login.aspx?direct=true&scope=site&db=e011xww&AN=597579
999 _c4956
_d4956